• 首页
  • 本馆介绍
  • 公告通知
  • 最新文献
  • 馆藏检索
  • 电子资源
  • 读者导购
  • 参考咨询
  • 我的图书馆
  • 登录
  • 详细信息显示
  • 放入我的书架
  • 预约/预借图书
  • 作者相关作品
  • 分类相关作品
  • 丛书相关作品
  • 出版社相关作品

书目信息

  • 表格格式
  • 工作单格式
  • 卡片格式
题名:
隋唐顶级文臣
    
 
作者: 刘后滨 , 张雨 , 彭丽华 著
分册:  
出版信息: 石家庄   花山文艺出版社  2007
页数: 250页
开本: 24cm
丛书名: 历代顶级文臣系列
单 册:
中图分类: K827=41
科图分类:
主题词: 大臣--列传--中国--隋唐时代 , 大臣
电子资源:
ISBN: 978-7-80673-746-0
000 00945oam2 2200289 45
001 1050804906
005 20100420091101.65
010    @a978-7-80673-746-0@dCNY24.80
100    @a20100408d2007 em y0chiy50 ea
101 0  @achi
102    @aCN@b130000
105    @ay z 000yc
106    @ar
200 1  @a隋唐顶级文臣@ASui Tang Ding Ji Wen Chen@f刘后滨,张雨,彭丽华等著@FLiu Hou Bin, Zhang Yu, Peng Li Hua Deng Zhu
210    @a石家庄@c花山文艺出版社@d2007
215    @a250页@d24cm
225 2  @a历代顶级文臣系列
330    @a本书介绍了隋唐时代杨素、刘文静、魏征、狄仁杰等文臣,介绍了他们治国中展现的高超智慧和精湛谋略。
461  0 @12001 @a历代顶级文臣系列
606 0  @a大臣@x列传@y中国@z隋唐时代
606 0  @a大臣
690    @aK827=41@v4
701  0 @a刘后滨@ALiu Hou Bin@4著
701  0 @a张雨@AZhang Yu@4著
701  0 @a彭丽华@APeng Li Hua@4著
801  0 @aCN@bTANGWEI@c20100420
905    @b0590666-70@dK827=41@e484@f5
    
    隋唐顶级文臣/刘后滨,张雨,彭丽华等著.-石家庄:花山文艺出版社,2007
    250页;24cm.-(历代顶级文臣系列)
    
    
    ISBN 978-7-80673-746-0:CNY24.80
    本书介绍了隋唐时代杨素、刘文静、魏征、狄仁杰等文臣,介绍了他们治国中展现的高超智慧和精湛谋略。
●
相关链接 在E读中查询图书 在五车中查询图书 在当当中查询图书 在豆瓣中查询图书


正题名:隋唐顶级文臣     索取号:K827=41/484         预约/预借

序号 登录号 条形码 馆藏地/架位号 状态 备注
1 0590666   205906661   第二样本阅览室/ [索取号:K827=41/484] 在馆    
2 0590667   205906670   第二借阅区/ [索取号:K827=41/484] 在馆    
3 0590668   205906689   第二借阅区/ [索取号:K827=41/484] 在馆    
4 0590669   205906698   第二借阅区/ [索取号:K827=41/484] 在馆    
5 0590670   205906705   第二借阅区/ [索取号:K827=41/484] 在馆    
唐山师范学院图书馆 欢迎您!
大连网信软件有限公司© 版权所有